Football players by Team History #5 - Statistics

General Stats
  • This quiz has been taken 1,476 times
  • The average score is 8 of 10
Answer Stats
Hint Answer % Correct
Paul Pogba 2011-2012 Manchester United
94%
Andrés Iniesta 2001-2003 FC Barcelona B
92%
Steven Gerrard 1998-2015 Liverpool
92%
Manuel Neuer 2004-2008 Schalke 04 II
91%
Luis Suárez 2005-2006 Nacional
90%
Virgil Van Dijk 2011-2013 Groningen
89%
Andrew Robertson 2012-2013 Queen's Park
78%
Mario Balotelli 2006 Lumezzane
77%
Aleksandar Mitrović 2011-2012 Teleoptik
72%
Jan Vertonghen 2006-2012 Ajax
67%
No matching quizzes found
Score Distribution
Percent of People with Each Score
Percentile by Number Answered
Your Score History
You have not taken this quiz